| 000 | 00000nam##2200000za#4500 |
| 001 | 9.691360 |
| 003 | CaOODSP |
| 005 | 20210624232731 |
| 007 | cr ||||||||||| |
| 008 | 150407|2007||||xxc|||||o f|0| 0 eng|d |
| 040 | |aCaOODSP|beng |
| 043 | |an-cn--- |
| 086 | 1 |aFs23-512/1-2007E-PDF |
| 110 | 1 |aCanada. |bDepartment of Fisheries and Oceans. |bMaritimes Region. |
| 245 | 10|aEastern Scotian Shelf integrated ocean management plan - strategic plan / |h[electronic resource]|cPublished by Oceans and Habitat Branch. |
| 260 | |aDartmouth - Nova Scotia : |bFisheries and Oceans Canada. |cc2007. |
| 300 | |a72p.|bfig., map, references, tables, photographs |
| 500 | |aIncorrect catalogue number (Fs23-512/1-2007E) and ISBN (978-0-662-45466-3) printed in this publication |
| 520 | 3 |aA strategic-level plan to provide long-term direction and commitment for integrated, ecosystem-based and adaptive management of marine activities in or affecting the Eastern Scotian Shelf. Contains a comprehensive set of goals, objectives and strategies for collaborative governance and integrated management, sustainable human use, and healthy ecosystems. |
| 590 | |a08-32|b2008-08-08 |
| 690 | 07|aResources management|2gcpds |
| 775 | 08|tPlan de gestion intégrée de l'océan dans l'est du plateau néo-écossais - plan stratégic / |w(CaOODSP)9.635690 |
| 776 | 0#|tEastern Scotian Shelf integrated ocean management plan - strategic plan / |w(CaOODSP)9.650616 |
| 856 | 40|ahttp://publications.gc.ca|qPDF|s5803 KB|uhttps://publications.gc.ca/collections/collection_2008/dfo-mpo/Fs23-512-1-2007E.pdf |
| 986 | |aDFO/2007-1229 |